| 000 | 01148cam a2200337 i 4500 | ||
|---|---|---|---|
| 001 | 25891 | ||
| 003 | Mx-PuUPA | ||
| 005 | 20251030095952.0 | ||
| 008 | 140415s2009 mx a gr 000 0bspa d | ||
| 020 | _a9786074211078 | ||
| 040 |
_aMx-PuUPA _bspa _cMx-PuUPA _dMx-PuUPA _erda |
||
| 041 | _aspa | ||
| 043 | _an-mx--- | ||
| 100 | 1 |
_aUribe, Alvaro, _d1953-2022 _917634 _eautor |
|
| 245 | 1 | 0 |
_aRecordatorio de Federico Gamboa / _cÁlvaro Uribe |
| 250 |
_a1a. edición / _bseptiembre |
||
| 264 | 1 |
_aMéxico, D. F. : _bTusquets Editores México, _c2009 |
|
| 300 |
_a154 páginas : _bilustraciones ; _c21 cm |
||
| 336 |
_2rdacontent _atexto _btxt |
||
| 337 |
_2rdamedia _asin medio _bn |
||
| 338 |
_2rdacarrier _avolumen _bnc |
||
| 490 | 0 |
_aColección Centenarios ; _v3 |
|
| 600 | 1 | 4 |
_aGamboa, Federico, _d1864-1939 _vBiografía |
| 650 | 7 |
_913986 _2armarc _aAutores mexicanos _ySiglo XX _vBiografía |
|
| 651 | 4 |
_aMéxico _xHistoria _y1867-1910 |
|
| 942 |
_2ddc _cLI _h928.61 _iG84 |
||
| 999 |
_c25891 _d25891 |
||